<?xml version="1.0" encoding="UTF-8"?>
<record
    xmlns:xsi="http://www.w3.org/2001/XMLSchema-instance"
    xsi:schemaLocation="http://www.loc.gov/MARC21/slim http://www.loc.gov/standards/marcxml/schema/MARC21slim.xsd"
    xmlns="http://www.loc.gov/MARC21/slim">

  <leader>01699    a2200229   4500</leader>
  <controlfield tag="001">21583</controlfield>
  <controlfield tag="005">20260407155506.0</controlfield>
  <controlfield tag="008">260407a2010    arg                 spa d</controlfield>
  <controlfield tag="003">AR-UNSa-BCEJYS</controlfield>
  <datafield tag="040" ind1=" " ind2=" ">
    <subfield code="a">AR-UNSa-BCEJYS</subfield>
    <subfield code="b">spa</subfield>
    <subfield code="c">AR-UNSa-BCEJYS</subfield>
  </datafield>
  <datafield tag="080" ind1=" " ind2=" ">
    <subfield code="a">336.225</subfield>
    <subfield code="x">M&#xE9;todo de tributaci&#xF3;n y administraci&#xF3;n de impuestos </subfield>
  </datafield>
  <datafield tag="245" ind1="1" ind2="0">
    <subfield code="a">Ejecuciones fiscales</subfield>
    <subfield code="p">v&#xED;a de apremio tributario &#xE1;mbito nacional, Ciudad Aut&#xF3;noma de Buenos Aires y provincias de Buenos Aires, C&#xF3;rdoba, Entre R&#xED;os y Santa Fe</subfield>
  </datafield>
  <datafield tag="020" ind1=" " ind2=" ">
    <subfield code="a">978-987-03-1725-8</subfield>
  </datafield>
  <datafield tag="250" ind1=" " ind2=" ">
    <subfield code="a">2a. ed.</subfield>
  </datafield>
  <datafield tag="264" ind1=" " ind2="1">
    <subfield code="a">Buenos Aires :</subfield>
    <subfield code="b">La Ley</subfield>
    <subfield code="c">2010</subfield>
  </datafield>
  <datafield tag="300" ind1=" " ind2=" ">
    <subfield code="a">xxx, 544 p.</subfield>
    <subfield code="c">25 cm.</subfield>
  </datafield>
  <datafield tag="505" ind1=" " ind2=" ">
    <subfield code="a">1. La ejecuci&#xF3;n fiscal - 2. La traba de medidas cautelares - 3. El juicio de ejecici&#xF3;n fiscal tributario y previsional - 4. Las excepciones en el juicio de ejecuci&#xF3;n fiscal - 5. La defensa de inconstitucionalidad - 6.Ejecuci&#xF3;n de la sentencia de trance y remate - 7. Recursos - 8. Pago provisorio de impuestos vencidos y anticipos - 9. La ejecuci&#xF3;n fiscal aduanera - 10. La ejecuci&#xF3;n fiscal en la ciudad de Buenos Aires - 11. El apremio en la provincia de Buenos Aires - 12. El juicio de ejecucion fiscal en la provincia de C&#xF3;rdoba - 13. Ejecuci&#xF3;n fiscal en la provincia de Entre Rios - 14. Ejecuci&#xF3;n fiscal en la provincia de Santa Fe - 15. El cobro coactivo en Brasil - 16. El apremio en Espa&#xF1;a - 17. El procedimiento administrativo de ejecuci&#xF3;n en M&#xE9;xico - 18. La cobranza coactiva de deudas tributarias en Per&#xFA;.</subfield>
  </datafield>
  <datafield tag="942" ind1=" " ind2=" ">
    <subfield code="c">BK</subfield>
  </datafield>
  <datafield tag="590" ind1=" " ind2=" ">
    <subfield code="a">niveau_biblio:m niveau_hierar:0</subfield>
  </datafield>
  <datafield tag="100" ind1="1" ind2=" ">
    <subfield code="a">Folco, Carlos Maria</subfield>
  </datafield>
  <datafield tag="856" ind1="4" ind2="1">
    <subfield code="u">https://biblioeco.unsa.edu.ar/pmb/images/libros/Ejecuciones Fiscales 2.jpg</subfield>
    <subfield code="y">Imagen de portada</subfield>
    <subfield code="q">image/jpeg</subfield>
  </datafield>
  <datafield tag="999" ind1=" " ind2=" ">
    <subfield code="c">827</subfield>
    <subfield code="d">827</subfield>
  </datafield>
  <datafield tag="952" ind1=" " ind2=" ">
    <subfield code="0">0</subfield>
    <subfield code="1">0</subfield>
    <subfield code="4">0</subfield>
    <subfield code="7">0</subfield>
    <subfield code="a">BCEJYS</subfield>
    <subfield code="b">BCEJYS</subfield>
    <subfield code="c">16</subfield>
    <subfield code="d">2026-04-07</subfield>
    <subfield code="l">0</subfield>
    <subfield code="o">P336.225 F663</subfield>
    <subfield code="p">L119432</subfield>
    <subfield code="r">2026-04-07 15:55:06</subfield>
    <subfield code="w">2026-04-07</subfield>
    <subfield code="y">L</subfield>
  </datafield>
</record>
